[Event "Barcelona Holy Week"]
[Site "Barcelona"]
[Date "2024.03.31"]
[Round "7"]
[White "Alcala Gonzalez, Cesar"]
[Black "Vergara Jofre, Felipe Andres"]
[Result "0-1"]
[WhiteElo "2283"]
[BlackElo "2210"]
[PlyCount "134"]
[EventDate "2024.03.28"]
[EventType "tourn"]
[EventRounds "9"]
[EventCountry "ESP"]
[SourceTitle "CB14_2024"]
[SourceDate "2024.04.01"]
[SourceVersion "1"]
[SourceVersionDate "2024.04.01"]
[SourceQuality "1"]

1. d4 d5 2. c4 c6 3. Nf3 Nf6 4. Nc3 e6 5. e3 a6 6. b3 Bb4 7. Bd2 Nbd7 8. Bd3 0-0 9. 0-0 Bd6 10. Qc2 e5 11. cxd5 cxd5 12. e4 exd4 13. Nxd5 Nxd5 14. exd5 Nf6 15. Nxd4 Be5 16. Be3 Nxd5 17. Bxh7+ Kh8 18. Be4 Nxe3 19. fxe3 Qd6 20. h3 f5 21. Qf2 g6 22. Rad1 Qe7 23. Bd5 Kg7 24. e4 a5 25. Qe2 Ra6 26. Qc4 Raf6 27. exf5 gxf5 28. Rfe1 Qd6 29. Nb5 Qb8 30. Qe2 Re8 31. Qh5 Rg6 32. Kf1 Bd7 33. Bc4 Bc6 34. Rd2 Bg3 35. Rxe8 Qf4+ 36. Ke2 Bxe8 37. Nd4 Qe4+ 38. Kd1 Qb1+ 39. Ke2 Qe1+ 40. Kd3 Qe4+ 41. Kc3 Be5 42. g4 Qe3+ 43. Kc2 Bxd4 44. Qxf5 Rf6 45. Rd3 Qe2+ 46. Rd2 Qe3 47. Rd3 Rxf5 48. Rxe3 Bxe3 49. gxf5 Bd7 50. Kd3 Bc5 51. Be6 Bb5+ 52. Ke4 Bf2 53. Bd5 b6 54. Bc4 Bd7 55. Be6 Be8 56. Kf3 Be1 57. Kg4 Kf6 58. a4 Bc6 59. h4 Bd2 60. h5 Be4 61. Bc8 Bc2 62. Be6 Bd1+ 63. Kh4 Be1+ 64. Kh3 Bxh5 65. Kg2 Bg4 66. Kf1 Bb4 67. Bc4 Kxf5 0-1

[Event "Barcelona Holy Week"]
[Site "Barcelona"]
[Date "2024.03.29"]
[Round "3"]
[White "Mompel Ferruz, Xavier"]
[Black "Vergara Jofre, Felipe Andres"]
[Result "1/2-1/2"]
[WhiteElo "2315"]
[BlackElo "2210"]
[PlyCount "111"]
[EventDate "2024.03.28"]
[EventType "tourn"]
[EventRounds "9"]
[EventCountry "ESP"]
[SourceTitle "CB14_2024"]
[SourceDate "2024.04.01"]
[SourceVersion "1"]
[SourceVersionDate "2024.04.01"]
[SourceQuality "1"]

1. e4 c5 2. Nf3 d6 3. d4 cxd4 4. Nxd4 Nf6 5. Nc3 Nc6 6. Bg5 e6 7. Bb5 Bd7 8. Qd3 h6 9. Bh4 g5 10. Bg3 Ne5 11. Bxe5 dxe5 12. Nf3 a6 13. Bxd7+ Nxd7 14. a4 Rc8 15. 0-0 Qc7 16. Rfd1 Be7 17. Ne2 g4 18. Ne1 Nf6 19. Rac1 Qc4 20. Qxc4 Rxc4 21. Nd3 Rxa4 22. Nc3 Ra5 23. b4 Ra3 24. Nb1 Ra1 25. Nd2 Rxc1 26. Rxc1 0-0 27. Kf1 Rc8 28. c4 Nd7 29. Nb3 f6 30. Ke2 Kf7 31. c5 Nf8 32. Na5 b6 33. cxb6 Rxc1 34. Nxc1 Bxb4 35. Ncb3 Ke7 36. Kd3 Kd6 37. Kc4 Bxa5 38. Nxa5 Nd7 39. b7 Kc7 40. f3 gxf3 41. gxf3 Kb6 42. Kb4 h5 43. h4 Kc7 44. Kc4 Nf8 45. Kc5 Nd7+ 46. Kc4 Nf8 47. Kc5 Ng6 48. Nc6 Kxb7 49. Nd8+ Kc8 50. Nxe6 Kd7 51. Ng7 Nxh4 52. Nxh5 Ke6 53. f4 exf4 54. Nxf4+ Ke5 55. Nd5 Nf3 56. Nxf6 1/2-1/2

[Event "Barcelona Holy Week"]
[Site "Barcelona"]
[Date "2024.03.28"]
[Round "1"]
[White "Masague Artero, Guerau"]
[Black "Vergara Jofre, Felipe Andres"]
[Result "1-0"]
[WhiteElo "2334"]
[BlackElo "2210"]
[PlyCount "111"]
[EventDate "2024.03.28"]
[EventType "tourn"]
[EventRounds "9"]
[EventCountry "ESP"]
[SourceTitle "CB14_2024"]
[SourceDate "2024.04.01"]
[SourceVersion "1"]
[SourceVersionDate "2024.04.01"]
[SourceQuality "1"]

1. Nf3 d5 2. g3 c5 3. Bg2 Nc6 4. d4 cxd4 5. Nxd4 e6 6. c4 Bc5 7. Nb3 Bb4+ 8. Bd2 dxc4 9. Bxc6+ bxc6 10. Bxb4 Qxd1+ 11. Kxd1 cxb3 12. axb3 Nf6 13. Nd2 Bb7 14. f3 Nd7 15. Bd6 Nb6 16. b4 0-0-0 17. Bf4 e5 18. Bxe5 Rxd2+ 19. Kxd2 Nc4+ 20. Kc3 Nxe5 21. Rxa7 Rd8 22. Ra5 f6 23. Rc1 Kc7 24. Raa1 Kb6 25. Rd1 Re8 26. Rd4 Ba6 27. Re4 Rc8 28. g4 g5 29. Kc2 Bc4 30. h4 h6 31. Rh1 Bd5 32. Rd4 Rd8 33. hxg5 hxg5 34. Rh6 Rf8 35. b3 Ra8 36. Rxf6 Ra2+ 37. Kc3 Nd7 38. Rg6 Kc7 39. e4 Bf7 40. Rxg5 Ra3 41. f4 Rxb3+ 42. Kd2 Rf3 43. e5 c5 44. bxc5 Nxc5 45. Ke2 Rg3 46. Rg7 Kc6 47. Kf2 Rd3 48. Rxd3 Nxd3+ 49. Ke3 Bc4 50. Kd4 Bb5 51. f5 Nf4 52. Rh7 Ba4 53. Rh2 Bd1 54. g5 Kd7 55. Rd2 Bb3 56. Ke4+ 1-0

[Event "CHI-ch sf"]
[Site "Villa Alemana"]
[Date "2023.01.19"]
[Round "4"]
[White "Castro Salgado, Pablo Alonso"]
[Black "Vergara Jofre, Felipe Andres"]
[Result "1-0"]
[WhiteElo "2029"]
[BlackElo "2207"]
[PlyCount "57"]
[EventDate "2023.01.18"]
[EventType "swiss"]
[EventRounds "8"]
[EventCountry "CHI"]
[SourceTitle "CBM 212 Extra"]
[Source "ChessBase"]
[SourceDate "2023.03.31"]
[SourceVersion "1"]
[SourceVersionDate "2023.03.31"]
[SourceQuality "1"]

1. d4 d5 2. c4 e6 3. Nc3 a6 4. c5 b6 5. cxb6 c5 6. e3 Nd7 7. Nf3 Qxb6 8. Bd2 Ngf6 9. Rc1 Bb7 10. Na4 Qa7 11. dxc5 Nxc5 12. Nxc5 Bxc5 13. Qa4+ Nd7 14. Ne5 Rd8 15. b4 Bb6 16. Be2 Ke7 17. Nxd7 Rxd7 18. b5 a5 19. Qg4 g6 20. 0-0 d4 21. exd4 Bxd4 22. Bc3 Bxc3 23. Rxc3 h6 24. Rfc1 Bd5 25. Qf4 g5 26. Qg3 Rb8 27. h4 f6 28. hxg5 hxg5 29. Rc7 1-0

[Event "Arica op 8th"]
[Site "Arica"]
[Date "2022.12.21"]
[Round "10"]
[White "Romero Barreto, Jaime Jose"]
[Black "Vergara Jofre, Felipe Andres"]
[Result "1/2-1/2"]
[WhiteElo "2351"]
[BlackElo "2233"]
[PlyCount "117"]
[EventDate "2022.12.16"]
[EventType "swiss"]
[EventRounds "10"]
[EventCountry "CHI"]
[SourceTitle "CBM 212 Extra"]
[Source "ChessBase"]
[SourceDate "2023.03.31"]
[SourceVersion "1"]
[SourceVersionDate "2023.03.31"]
[SourceQuality "1"]

1. e4 e5 2. Nf3 Nf6 3. Nc3 Nc6 4. d4 exd4 5. Nxd4 Bb4 6. Nxc6 bxc6 7. Bd3 d5 8. exd5 cxd5 9. 0-0 Bxc3 10. bxc3 0-0 11. Rb1 Bg4 12. Qd2 Re8 13. f3 Bd7 14. Qf2 a6 15. Bg5 h6 16. Bh4 Bb5 17. Rfd1 Bxd3 18. Rxd3 Rb8 19. Rbd1 Rb2 20. a3 c6 21. c4 Re6 22. h3 g5 23. Bg3 Qe7 24. R3d2 Qxa3 25. h4 Qc3 26. cxd5 cxd5 27. Kh2 a5 28. Re1 Rxe1 29. Qxe1 Rxc2 30. Rxc2 Qxc2 31. Qxa5 Qf5 32. Qd8+ Kg7 33. Qd6 g4 34. Be5 gxf3 35. gxf3 Qxf3 36. Kg1 Qg4+ 37. Kf1 Qf5+ 38. Kg1 Qg4+ 39. Kf1 Qf3+ 40. Kg1 h5 41. Kh2 Kg6 42. Bxf6 Qxf6 43. Qg3+ Kh6 44. Qe3+ Kg6 45. Qg3+ Kh7 46. Qd3+ Kg8 47. Qxd5 Qxh4+ 48. Kg2 Qg4+ 49. Kh2 Qf4+ 50. Kh3 h4 51. Qg2+ Kh7 52. Qc2+ Kh6 53. Qc6+ Kg5 54. Kg2 Qg3+ 55. Kh1 h3 56. Qg6+ Kf4 57. Qe4+ Kg5 58. Qg6+ Kh4 59. Qh5+ 1/2-1/2

[Event "Entre Rios Galmarello Cup 3rd"]
[Site "Entre Rios"]
[Date "2022.11.04"]
[Round "1"]
[White "Candarle, Daniel"]
[Black "Vergara Jofre, Felipe Andres"]
[Result "0-1"]
[WhiteElo "1604"]
[BlackElo "2273"]
[PlyCount "54"]
[EventDate "2022.11.04"]
[EventType "swiss"]
[EventRounds "6"]
[EventCountry "ARG"]
[SourceTitle "EXT 2024"]
[Source "ChessBase"]
[SourceDate "2023.10.10"]
[SourceVersion "1"]
[SourceVersionDate "2023.10.10"]
[SourceQuality "1"]

1. d4 d5 2. Bf4 c5 3. c3 Nc6 4. e3 Qb6 5. Qc2 Nf6 6. Nf3 g6 7. Be2 Bf5 8. Qc1 Bg7 9. 0-0 0-0 10. Nbd2 Rac8 11. dxc5 Qxc5 12. Nb3 Qb6 13. Nfd4 Bd7 14. h3 Rfe8 15. Bh2 e5 16. Nc2 d4 17. Qd1 dxc3 18. bxc3 Na5 19. Rb1 Rxc3 20. Nxa5 Qxa5 21. Rxb7 Ba4 22. Qd2 Ne4 23. Qe1 Bxc2 24. f3 Nc5 25. Rb5 Qa3 26. Qd2 Bd3 27. Rxc5 Qxc5 0-1

[Event "Barcelona Sants op-A 23rd"]
[Site "Barcelona"]
[Date "2022.08.27"]
[Round "9"]
[White "Diaz Camallonga, Carles"]
[Black "Vergara Jofre, Felipe Andres"]
[Result "1/2-1/2"]
[WhiteElo "2474"]
[BlackElo "2196"]
[PlyCount "201"]
[EventDate "2022.08.19"]
[EventType "swiss"]
[EventRounds "10"]
[EventCountry "ESP"]
[SourceTitle "CBM 209 Extra"]
[Source "ChessBase"]
[SourceDate "2022.09.30"]
[SourceVersion "1"]
[SourceVersionDate "2022.09.30"]
[SourceQuality "1"]

1. d4 Nf6 2. Nf3 d5 3. c4 e6 4. g3 Bb4+ 5. Bd2 Be7 6. Bg2 0-0 7. 0-0 c6 8. Qc2 Nbd7 9. Bf4 a5 10. b3 b6 11. Rd1 h6 12. Nbd2 g5 13. Be5 g4 14. Ne1 Nxe5 15. dxe5 Nd7 16. Nd3 Ba6 17. h3 h5 18. hxg4 hxg4 19. Nf1 Kh8 20. Ne3 Rg8 21. Qb2 Rg5 22. Rac1 Ra7 23. Nf4 Qb8 24. Nd3 Qf8 25. Rc2 Qg7 26. Rdc1 Nxe5 27. Nxe5 Qxe5 28. Qxe5+ Rxe5 29. Nxg4 Rg5 30. Ne3 Bc5 31. Nf1 f5 32. e3 e5 33. cxd5 cxd5 34. Rxc5 bxc5 35. Rxc5 Bxf1 36. Kxf1 Rgg7 37. Rxd5 Rge7 38. Bh3 f4 39. gxf4 exf4 40. exf4 a4 41. Rd4 axb3 42. axb3 Rab7 43. b4 Kg7 44. Kg2 Rec7 45. Bf5 Kf6 46. Be4 Rd7 47. Rc4 Rb6 48. Bc6 Rd3 49. b5 Rb3 50. Rc5 Rb8 51. Rd5 Rg8+ 52. Kf1 Rg4 53. Rd6+ Ke7 54. Rd4 Rb2 55. Bd7 Rg6 56. Bc6 Rg4 57. Bf3 Rh4 58. Be2 Kf6 59. Re4 Kf5 60. Bd3 Kf6 61. Kg2 Rd2 62. Rd4 Rh5 63. Rd7 Ke6 64. Bf5+ Rxf5 65. Rxd2 Rxb5 66. Kf3 Kf5 67. Re2 Rb3+ 68. Re3 Rb2 69. Re5+ Kf6 70. Ra5 Rc2 71. Kg3 Rb2 72. Rh5 Kg6 73. Rh1 Kf5 74. Rh8 Rb3+ 75. f3 Rb1 76. Rf8+ Kg6 77. f5+ Kg7 78. Re8 Kf6 79. Kg4 Rg1+ 80. Kf4 Ra1 81. Re6+ Kf7 82. Rb6 Rc1 83. Rh6 Ra1 84. Rg6 Rb1 85. Rg2 Kf6 86. Re2 Ra1 87. Re4 Rb1 88. Re6+ Kf7 89. Ra6 Re1 90. Rh6 Ra1 91. f6 Ra4+ 92. Kg5 Ra5+ 93. Kg4 Ra6 94. Rh7+ Kg6 95. f7 Ra8 96. Rh5 Kxf7 97. Rh6 Ra1 98. f4 Ra5 99. Rb6 Kg7 100. f5 Ra1 101. Rc6 1/2-1/2

[Event "Sant Adria de Besos op"]
[Site "Sant Adria de Besos"]
[Date "2022.08.12"]
[Round "2"]
[White "Rebull Camarasa, Ramon"]
[Black "Vergara Jofre, Felipe Andres"]
[Result "0-1"]
[WhiteElo "1828"]
[BlackElo "2196"]
[PlyCount "46"]
[EventDate "2022.08.11"]
[EventType "swiss"]
[EventRounds "9"]
[EventCountry "ESP"]
[SourceTitle "CBM 209 Extra"]
[Source "ChessBase"]
[SourceDate "2022.09.30"]
[SourceVersion "1"]
[SourceVersionDate "2022.09.30"]
[SourceQuality "1"]

1. d4 d5 2. Bf4 c5 3. e3 cxd4 4. exd4 Nc6 5. Nf3 Bf5 6. c4 e6 7. Ne5 Bb4+ 8. Nc3 Nge7 9. a3 Bxc3+ 10. bxc3 0-0 11. g4 Be4 12. f3 Bg6 13. Nxc6 Nxc6 14. h4 h5 15. Bd3 hxg4 16. Bg5 Qa5 17. Qd2 Bxd3 18. Qxd3 dxc4 19. Qxc4 gxf3 20. Kf2 Qf5 21. Rag1 Rfc8 22. Bh6 Ne5 23. Rxg7+ Kh8 0-1

[Event "Barcelona IM 7th"]
[Site "Barcelona"]
[Date "2022.08.04"]
[Round "5"]
[White "Vergara Jofre, Felipe Andres"]
[Black "Nottola, Adrien"]
[Result "0-1"]
[WhiteElo "2151"]
[BlackElo "2275"]
[PlyCount "116"]
[EventDate "2022.07.31"]
[EventType "tourn"]
[EventRounds "9"]
[EventCountry "ESP"]
[EventCategory "2"]
[SourceTitle "CBM 209 Extra"]
[Source "ChessBase"]
[SourceDate "2022.09.30"]
[SourceVersion "1"]
[SourceVersionDate "2022.09.30"]
[SourceQuality "1"]

1. e4 c5 2. Nc3 Nc6 3. Nf3 d6 4. Bb5 e5 5. d3 Be7 6. Nd2 Nf6 7. Nf1 Bg4 8. f3 Be6 9. Ne3 0-0 10. 0-0 Nh5 11. Ned5 Bg5 12. f4 Nxf4 13. Nxf4 exf4 14. Bxc6 bxc6 15. Bxf4 Rb8 16. b3 Bf6 17. Qe1 Bd4+ 18. Be3 Be5 19. Rd1 Qa5 20. Na4 Qxe1 21. Rfxe1 Bg4 22. Rd2 Rb4 23. h3 Bc8 24. Red1 f5 25. c3 Rb7 26. d4 cxd4 27. cxd4 Bg3 28. exf5 Rxf5 29. Bf2 Bf4 30. Re2 Rbf7 31. Re8+ Rf8 32. Rde1 Ba6 33. R1e7 R5f7 34. Rxf7 Kxf7 35. Re4 Kg6 36. Re6+ Rf6 37. Re7 Rf7 38. Re6+ Kf5 39. Re8 h5 40. Nb2 d5 41. Na4 Bd3 42. Nc5 Bb1 43. a4 Bd6 44. b4 Re7 45. Rf8+ Kg6 46. Rc8 Rc7 47. Rd8 Be7 48. Ra8 Bd6 49. Ne6 Re7 50. Nd8 Re8 51. Rxa7 Rxd8 52. Rb7 Bd3 53. Rb6 Rc8 54. a5 Bb5 55. Be3 Re8 56. Kf2 Kf5 57. Kf3 h4 58. Rb7 g6 0-1

[Event "Barcelona Sant Marti op-A 22nd"]
[Site "Barcelona"]
[Date "2022.07.14"]
[Round "2"]
[White "Berdayes Ason, Dylan Isidro"]
[Black "Vergara Jofre, Felipe Andres"]
[Result "1-0"]
[WhiteElo "2480"]
[BlackElo "2151"]
[PlyCount "59"]
[EventDate "2022.07.13"]
[EventType "swiss"]
[EventRounds "9"]
[EventCountry "ESP"]
[SourceTitle "CBM 209 Extra"]
[Source "ChessBase"]
[SourceDate "2022.09.30"]
[SourceVersion "1"]
[SourceVersionDate "2022.09.30"]
[SourceQuality "1"]

1. d4 d5 2. c4 e6 3. Nc3 a6 4. cxd5 exd5 5. Bf4 Nf6 6. e3 Bd6 7. Bg5 Be6 8. Bd3 Nbd7 9. f4 h6 10. Bh4 g5 11. fxg5 hxg5 12. Bxg5 Rxh2 13. Rxh2 Bxh2 14. Nh3 c5 15. Qf3 Qb6 16. 0-0-0 cxd4 17. exd4 Qxd4 18. Bxa6 Qb6 19. Bb5 Ne4 20. Bxd7+ Bxd7 21. Nxd5 Qc5+ 22. Kb1 Nxg5 23. Nf6+ Ke7 24. Rxd7+ Ke6 25. Nxg5+ Qxg5 26. Qb3+ Kf5 27. g4+ Kf4 28. Rd4+ Ke5 29. Rd5+ Kxf6 30. Qb6+ 1-0

[Event "Barbera del Valles op 44th"]
[Site "Barbera del Valles"]
[Date "2022.07.08"]
[Round "5"]
[White "Asensio Linan, Teodoro"]
[Black "Vergara Jofre, Felipe Andres"]
[Result "0-1"]
[WhiteElo "2015"]
[BlackElo "2151"]
[PlyCount "116"]
[EventDate "2022.07.04"]
[EventType "swiss"]
[EventRounds "9"]
[EventCountry "ESP"]
[SourceTitle "EXT 2023"]
[Source "ChessBase"]
[SourceDate "2022.10.05"]
[SourceVersion "1"]
[SourceVersionDate "2022.10.05"]
[SourceQuality "1"]

1. e4 c5 2. Nf3 d6 3. Bc4 Nf6 4. d3 Nc6 5. c3 g6 6. 0-0 Bg7 7. Re1 0-0 8. Bb3 b5 9. h3 a5 10. a4 b4 11. d4 bxc3 12. bxc3 cxd4 13. cxd4 Rb8 14. Nc3 Ba6 15. Bg5 h6 16. Be3 Nd7 17. Nb5 Nb4 18. Qd2 Kh7 19. Na3 Nf6 20. Bc2 Nxc2 21. Qxc2 Qc8 22. Qxc8 Rfxc8 23. Bd2 Bd3 24. e5 Nd5 25. Nb5 Bxb5 26. axb5 Rxb5 27. Rxa5 Rxa5 28. Bxa5 Rc4 29. h4 dxe5 30. dxe5 e6 31. Bd2 Bf8 32. Rc1 Re4 33. g3 Ba3 34. Rc2 Kg7 35. Kf1 Be7 36. Rc1 Bd8 37. Re1 Ra4 38. Rb1 Ra2 39. Be1 g5 40. hxg5 hxg5 41. Rb8 Bc7 42. Rb7 g4 43. Nh2 Ra4 44. Bc3 Re4 45. Bb2 Kg6 46. f3 gxf3 47. Nxf3 Bb6 48. Nh4+ Kg7 49. Ng2 Rb4 50. Ba3 Rb3 51. Nf4 Nxf4 52. gxf4 Rxa3 53. Rxb6 Rf3+ 54. Kg2 Rxf4 55. Rb3 Rf5 56. Re3 Kf8 57. Kg3 Ke7 58. Kg4 Kd7 0-1

[Event "CHI-ch sf"]
[Site "Vina del Mar"]
[Date "2022.02.10"]
[Round "3"]
[White "Vergara Jofre, Felipe Andres"]
[Black "Palma Neira, Eliseo Maximiliano"]
[Result "0-1"]
[WhiteElo "2217"]
[BlackElo "2039"]
[PlyCount "98"]
[EventDate "2022.02.08"]
[EventType "swiss"]
[EventRounds "8"]
[EventCountry "CHI"]
[SourceTitle "CBM 207 Extra"]
[Source "ChessBase"]
[SourceDate "2022.05.31"]
[SourceVersion "1"]
[SourceVersionDate "2022.05.31"]
[SourceQuality "1"]

1. e4 c5 2. Nf3 Nc6 3. Bb5 g6 4. Bxc6 dxc6 5. d3 Bg7 6. Nbd2 Nf6 7. 0-0 0-0 8. Nc4 b5 9. Ncd2 a5 10. a4 Nd7 11. Nb3 c4 12. Nbd4 Qb6 13. Be3 Qb7 14. Nd2 Ne5 15. dxc4 bxc4 16. Qe2 Qc7 17. Rfd1 Ba6 18. c3 Nd3 19. Ra2 Rab8 20. Nb1 Rb7 21. Na3 Rfb8 22. Rb1 e6 23. Nf3 Bxc3 24. Bd4 Bxd4 25. Nxd4 c3 26. Nab5 cxb5 27. Qxd3 cxb2 28. axb5 Qc1+ 29. Qf1 Qxf1+ 30. Kxf1 Bxb5+ 31. Nxb5 Rxb5 32. Ke2 Kg7 33. Kd3 Kf6 34. f4 e5 35. g3 Ke6 36. Kc2 Rb4 37. Rxa5 exf4 38. Ra6+ Ke5 39. gxf4+ Kxe4 40. Re1+ Kf3 41. Kb1 Rc8 42. f5 gxf5 43. Rh6 Ra8 44. Kc2 Ra1 45. Rb1 Rxb1 46. Kxb1 f4 47. Rxh7 Ke3 48. Rxf7 f3 49. Re7+ Re4 0-1

[Event "CHI-ch"]
[Site "Santiago de Chile"]
[Date "2020.02.19"]
[Round "10"]
[White "Gomez Barrera, Gonzalo Andres"]
[Black "Vergara Jofre, Felipe Andres"]
[Result "1-0"]
[WhiteElo "2040"]
[BlackElo "2317"]
[PlyCount "171"]
[EventDate "2020.02.11"]
[EventType "tourn"]
[EventRounds "11"]
[EventCountry "CHI"]
[EventCategory "2"]
[SourceTitle "CBM 195 Extra"]
[Source "ChessBase"]
[SourceDate "2020.05.31"]
[SourceVersion "1"]
[SourceVersionDate "2020.05.31"]
[SourceQuality "1"]

1. e4 e5 2. Nf3 Nc6 3. Bc4 Bc5 4. d3 Nf6 5. 0-0 0-0 6. c3 d6 7. Nbd2 a5 8. h3 h6 9. Re1 Be6 10. Bb5 Qb8 11. Nf1 Qa7 12. Be3 Bxe3 13. Nxe3 Ne7 14. d4 Nxe4 15. dxe5 dxe5 16. Bd3 Rad8 17. Qc2 Nxf2 18. Kxf2 f5 19. Kf1 e4 20. Bc4 Bxc4+ 21. Nxc4 exf3 22. gxf3 Nd5 23. Qf2 Qa6 24. b3 Nxc3 25. Qc5 Rd3 26. Re3 Ne4 27. fxe4 b6 28. Qxf8+ Kxf8 29. Rxd3 b5 30. Ne3 Qf6 31. e5 Qxe5 32. Rad1 Kg8 33. Nd5 c6 34. Re1 Qh2 35. Ne7+ Kh7 36. Nc8 Qxa2 37. Rd7 Qxb3 38. Ree7 Qxh3+ 39. Kf2 Qh4+ 40. Kf1 Qf4+ 41. Ke1 Qg3+ 42. Kd1 Qg1+ 43. Kd2 Qf2+ 44. Kd1 Qf3+ 45. Kd2 Kg6 46. Rxg7+ Kh5 47. Rd3 Qf2+ 48. Kd1 Qf1+ 49. Kd2 c5 50. Rdg3 c4 51. Rg1 Qf4+ 52. Ke1 Qe4+ 53. Kf2 Qh4+ 54. Kf3 Qe4+ 55. Kf2 Qd4+ 56. Kf3 Qd5+ 57. Kf2 c3 58. R7g2 Qd4+ 59. Kf1 Qd3+ 60. Kf2 Qh3 61. Rg3 Qh4 62. Kg2 Qe4+ 63. Kh2 Qf4 64. Kg2 Qd2+ 65. Kh1 Qd5+ 66. Kh2 Qe5 67. Rh1 Qe4 68. Kg1+ Qxh1+ 69. Kxh1 b4 70. Nd6 f4 71. Rg1 c2 72. Nb5 b3 73. Na3 f3 74. Rc1 Kg4 75. Nxc2 bxc2 76. Rxc2 Kg3 77. Kg1 h5 78. Rc5 f2+ 79. Kf1 h4 80. Rc3+ Kh2 81. Kxf2 h3 82. Ra3 a4 83. Rxa4 Kh1 84. Ra2 Kh2 85. Rb2 Kh1 86. Kg3 1-0

[Event "CHI-ch"]
[Site "Santiago de Chile"]
[Date "2020.02.18"]
[Round "9"]
[White "Vergara Jofre, Felipe Andres"]
[Black "Reinuaba Escobar, Carlos"]
[Result "1/2-1/2"]
[WhiteElo "2317"]
[BlackElo "2184"]
[PlyCount "32"]
[EventDate "2020.02.11"]
[EventType "tourn"]
[EventRounds "11"]
[EventCountry "CHI"]
[EventCategory "2"]
[SourceTitle "CBM 195 Extra"]
[Source "ChessBase"]
[SourceDate "2020.05.31"]
[SourceVersion "1"]
[SourceVersionDate "2020.05.31"]
[SourceQuality "1"]

1. e4 e6 2. d4 d5 3. e5 c5 4. c3 Nc6 5. Nf3 Qb6 6. a3 Nh6 7. b4 cxd4 8. cxd4 Nf5 9. Be3 f6 10. b5 Nxe5 11. dxe5 Nxe3 12. fxe3 Qxe3+ 13. Qe2 Qc1+ 14. Qd1 Qe3+ 15. Qe2 Qc1+ 16. Qd1 Qe3+ 1/2-1/2

[Event "CHI-ch"]
[Site "Santiago de Chile"]
[Date "2020.02.15"]
[Round "6"]
[White "Gasic Merino, Franco Ignacio"]
[Black "Vergara Jofre, Felipe Andres"]
[Result "1-0"]
[WhiteElo "2168"]
[BlackElo "2317"]
[PlyCount "91"]
[EventDate "2020.02.11"]
[EventType "tourn"]
[EventRounds "11"]
[EventCountry "CHI"]
[EventCategory "2"]
[SourceTitle "CBM 195 Extra"]
[Source "ChessBase"]
[SourceDate "2020.05.31"]
[SourceVersion "1"]
[SourceVersionDate "2020.05.31"]
[SourceQuality "1"]

1. d4 Nf6 2. g3 c5 3. d5 b5 4. f3 e6 5. e4 c4 6. a4 Qa5+ 7. c3 Bc5 8. Bg5 0-0 9. Bxf6 gxf6 10. Nh3 Bb7 11. Be2 exd5 12. exd5 Re8 13. Nf4 Na6 14. Nd2 f5 15. Kf1 Nc7 16. axb5 Qxb5 17. b4 Be3 18. Nxc4 Bxf4 19. Ra5 Qxa5 20. Nxa5 Nxd5 21. Qd4 Ne3+ 22. Kf2 Ng4+ 23. fxg4 Be3+ 24. Qxe3 Rxe3 25. Nxb7 Rxc3 26. gxf5 Rb8 27. Nc5 Rxb4 28. Nxd7 Rb2 29. Nf6+ Kg7 30. Nh5+ Kh6 31. g4 Rcc2 32. Nf4 a5 33. h4 f6 34. Ke3 Rb3+ 35. Bd3 Rcc3 36. Kd4 a4 37. Bc4 Ra3 38. Ne6 Rh3 39. g5+ fxg5 40. hxg5+ Kh5 41. Nf4+ Kxg5 42. Nxh3+ Kxf5 43. Nf2 Rf3 44. Nd3 a3 45. Rxh7 Kg6 46. Ra7 1-0

[Event "CHI-ch"]
[Site "Santiago de Chile"]
[Date "2020.02.15"]
[Round "5"]
[White "Vergara Jofre, Felipe Andres"]
[Black "Aguirre Contreras, Cristian Rodrigo"]
[Result "0-1"]
[WhiteElo "2317"]
[BlackElo "2187"]
[PlyCount "74"]
[EventDate "2020.02.11"]
[EventType "tourn"]
[EventRounds "11"]
[EventCountry "CHI"]
[EventCategory "2"]
[SourceTitle "CBM 195 Extra"]
[Source "ChessBase"]
[SourceDate "2020.05.31"]
[SourceVersion "1"]
[SourceVersionDate "2020.05.31"]
[SourceQuality "1"]

1. e4 g6 2. d4 Bg7 3. Nf3 d6 4. Bc4 c6 5. h3 Nf6 6. e5 dxe5 7. Nxe5 0-0 8. 0-0 Nbd7 9. Nc3 Nb6 10. Bb3 a5 11. a4 Nbd5 12. Ne2 Be6 13. c4 Nb4 14. Be3 b6 15. Nf4 Bf5 16. g4 Bc8 17. Qf3 Bb7 18. Rfd1 Qc7 19. c5 bxc5 20. Nxf7 Nfd5 21. Ne6 Qd7 22. Nxf8 Rxf8 23. dxc5 Rxf7 24. Qg3 e5 25. Rd2 Qe7 26. Re1 Ba6 27. Bd4 e4 28. Bxg7 Kxg7 29. Rd4 Bd3 30. Qd6 Qh4 31. Qe5+ Kh6 32. g5+ Qxg5+ 33. Qxg5+ Kxg5 34. Bxd5 cxd5 35. c6 Kf4 36. Rc1 Rc7 37. Rc5 Ke5 0-1

[Event "CHI-ch"]
[Site "Santiago de Chile"]
[Date "2020.02.14"]
[Round "4"]
[White "Garcia Cardenas, Pablo"]
[Black "Vergara Jofre, Felipe Andres"]
[Result "1-0"]
[WhiteElo "2424"]
[BlackElo "2317"]
[PlyCount "93"]
[EventDate "2020.02.11"]
[EventType "tourn"]
[EventRounds "11"]
[EventCountry "CHI"]
[EventCategory "2"]
[SourceTitle "CBM 195 Extra"]
[Source "ChessBase"]
[SourceDate "2020.05.31"]
[SourceVersion "1"]
[SourceVersionDate "2020.05.31"]
[SourceQuality "1"]

1. d4 Nf6 2. c4 e6 3. Nc3 Bb4 4. Nf3 d5 5. Bg5 h6 6. Bxf6 Qxf6 7. Qa4+ Nc6 8. e3 0-0 9. Be2 a6 10. 0-0 dxc4 11. Bxc4 Rb8 12. Qc2 b5 13. Ne4 Qe7 14. Bd3 Bb7 15. Rfc1 e5 16. a3 Bd6 17. Nxd6 cxd6 18. d5 Na5 19. e4 f5 20. Qc3 fxe4 21. Bxe4 Nc4 22. Rc2 Qf7 23. Qd3 g5 24. h4 g4 25. Nh2 h5 26. Nf1 Rbc8 27. Ng3 Nb6 28. Nf5 Qf6 29. Rac1 Rxc2 30. Rxc2 Kh8 31. Ng3 Rc8 32. Rxc8+ Nxc8 33. Qd2 Ne7 34. Nxh5 Qf8 35. b4 Ba8 36. Kh2 Bb7 37. Kg3 Ng8 38. Qg5 Bc8 39. Qg6 Qe7 40. Bf5 Bxf5 41. Qxf5 e4 42. Qe6 Qxe6 43. dxe6 d5 44. Kf4 Ne7 45. Ke5 Kh7 46. Nf6+ Kg6 47. Nxg4 1-0